Les 10 meilleurs buteurs en 2005. - Statistiques

Statistiques générales
  • Ce quiz a été pris 80 fois
  • Le résultat moyen est 5 sur 10
Statistiques - réponses
Buts Joueurs Clubs % Correct
35 Samuel Eto'o Barca
99%
26 Thierry Henry Arsenal
89%
30 Pauleta PSG
85%
30 Ronaldinho Barca
73%
32 Adriano Inter
49%
28 David Trezeguet Juve
49%
28 Dimitar Berbatov Leverkusen
27%
29 Frank Lampard Chelsea
27%
29 Roy Makaay Bayern
15%
27 Juan Roman Riquelme Villarreal
7%
Aucun quiz correspondant
Distribution des résultats
% des personnes avec chaque résultat
Percentile par nombre de réponses
Votre historique - résultats
Vous n’avez pas pris ce quiz